000 00642nam a2200253Ia 4500
003 OSt
005 20220918220622.0
006 a|||||r|||| 00| 0
007 ta
008 220917b |||||||| |||| 00| 0 eng d
024 _a146,549
037 _cTextual
040 _aARTS
_cARTS
_beng
041 _2eng
_aeng
082 _aY48, L7
100 _aBullitt Stimson
_9137908
245 0 _aTo be politican
260 _aNew Haven
_bYale University Press
_c1977
300 _a294p.
_ccm.
500 _aAppendix p287-288
650 _aSOCIOLOGY
942 _hY48, L7
_cTEXL
_2CC
999 _c269305
_d269305